Sports Quiz

Random Sports Quiz

WWE Theme Songs 2 (clips) Quiz Stats

Quiz not verified by Sporcle

Challenge
Share
Tweet
Score 0/16 Timer 20:00
0 Plays Today
Time range Wrestler % Correct
1:02 - 1:16HHH
96.9%
2:17 - 2:31Undertaker
95.4%
1:47 - 2:01Kane
93.4%
2:47 - 3:01Shawn Michaels
93.1%
3:16 - 3:31Edge
92.2%
1:31 - 1:46The Miz
88.5%
2:02 - 2:16Bret 'The Hitman' Hart
87.8%
3:46 - 4:00Kofi Kingston
87.6%
Time range Wrestler % Correct
32 - 46MVP
86.6%
47 - 1:01Shane Mcmahon
84.8%
17 - 31 Boogeyman
84.1%
3:02 - 3:15Jeff Hardy
83.2%
3:32 - 3:45C. M. Punk
80.6%
2:32 - 2:46Legacy
65.8%
0 - 16 Maryse
65%
1:17 - 1:30Alicia Fox
47.1%

You're not logged in!

Compare scores with friends on all Sporcle quizzes.
Sign Up with Email
OR
Log In

You Might Also Like...

Show Comments

Extras

Top Quizzes Today


Score Distribution

Your Account Isn't Verified!

In order to create a playlist on Sporcle, you need to verify the email address you used during registration. Go to your Sporcle Settings to finish the process.